Valtioita -Äkkikuolema - Statistics

Yleistilastot
  • Tätä visaa on pelattu 273 kertaa
  • Keskiarvotulos 8 / 17
Answers on the Grid
Answers color-coded by a green-red scale on the quiz's grid according to % correct below.
Tatarstan
Etelä-Sudan
Makedonia
Taiwan
Bhutan
Vatikaanivaltio
Palestiina
Kosovo
Alaska
Papua-uusi-Guinea
Itä-Timor
Pohjois-Sudan
Tadzikistan
Dominica
Grönlanti
Länsi-Sahara
Fidzi
Kashmir
Guinea-Bissau
Qatar
Dominikaaninen tasavalta
Guayana
Puerto Rico
Kypros
Malediivit
Skotlanti
Singapore
Baskimaa
Montenegro
Jugoslavia
 
Vastaustilastot
Vastaus % Oikein
Etelä-Sudan
78%
Bhutan
59%
Tadzikistan
58%
Papua-uusi-Guinea
56%
Vatikaanivaltio
56%
Taiwan
50%
Fidzi
47%
Kosovo
46%
Dominikaaninen tasavalta
45%
Qatar
45%
Itä-Timor
43%
Dominica
42%
Guinea-Bissau
42%
Montenegro
42%
Kypros
39%
Malediivit
38%
Singapore
32%
Ehtoja vastaavia visoja ei löytynyt
Tulosjakauma
Jokaisen tuloksen saaneiden osuus
Persentiili vastausten määrän mukaan
Tuloshistoriasi
Et ole pelannut tätä visaa